00319nam a2200121Ia 4500008004000000020001800040082001300058100002100071245003900092260003900131300000800170650001900178210210b1976 xxu||||| |||| 00| 0 eng d a0 06 046614 6 a332 THOI aTHORN (Richard). aIntroduction to money and banking. aLondonbHarper Internationalc1976 a544 aMoney Banking